स्पिनोजा (Record no. 347570)
[ view plain ]
| 000 -LEADER | |
|---|---|
| fixed length control field | 01007nam a2200265Ia 4500 |
| 003 - CONTROL NUMBER IDENTIFIER | |
| control field | OSt |
| 005 - DATE AND TIME OF LATEST TRANSACTION | |
| control field | 20220923221121.0 |
| 008 - FIXED-LENGTH DATA ELEMENTS--GENERAL INFORMATION | |
| fixed length control field | 220922b |||||||| |||| 00| 0 hin d |
| 037 ## - SOURCE OF ACQUISITION | |
| Terms of availability | Textual |
| 040 ## - CATALOGING SOURCE | |
| Original cataloging agency | ARTS |
| Transcribing agency | ARTS |
| Language of cataloging | hin |
| 041 ## - LANGUAGE CODE | |
| Source of code | hin |
| Language code of text/sound track or separate title | hin |
| 100 ## - MAIN ENTRY--PERSONAL NAME | |
| Personal name | स्पिनौजा, बैरूक; नीति दीवानचन्द, अनु. |
| 9 (RLIN) | 165103 |
| 245 #0 - TITLE STATEMENT | |
| Title | स्पिनोजा |
| Remainder of title | नीति |
| 246 ## - VARYING FORM OF TITLE | |
| Title proper/short title | Spinojā: nīti |
| 260 ## - PUBLICATION, DISTRIBUTION, ETC. | |
| Place of publication, distribution, etc. | उतर प्रदेश |
| Name of publisher, distributor, etc. | हिन्दी समिति प्र0 |
| Date of publication, distribution, etc. | 1964 |
| 300 ## - PHYSICAL DESCRIPTION | |
| Extent | 268पृ. |
| Dimensions | cm. |
| 490 ## - SERIES STATEMENT | |
| Series statement | हिन्दी समीति ग्रन्थमाला,62 |
| 650 ## - SUBJECT ADDED ENTRY--TOPICAL TERM | |
| Topical term or geographic name entry element | भारतीय दर्शन |
| 942 ## - ADDED ENTRY ELEMENTS (KOHA) | |
| Classification part | R3xK32,1, 152K4 |
| Koha item type | Textual |
| Source of classification or shelving scheme | Colon Classification (CC) |
| Withdrawn status | Lost status | Damaged status | Not for loan | Home library | Current library | Date acquired | Total Checkouts | Full call number | Barcode | Date last seen | Price effective from | Koha item type |
|---|---|---|---|---|---|---|---|---|---|---|---|---|
| Arts Library | Arts Library | 2022-09-23 | R3xK32,1 152K4 | AL0228461 | 2022-09-23 | 2022-09-23 | Textual |
